Die Dachauer KZ-Außenkommandos Kaufering und Mühldorf Rüstungsbauten und Zwangsarbeit im letzten Kriegsjahr 1944/45 : Inaugural-Dissertation zur Erlangung de Doktorgrades der Philosophie an der Ludwig-Maximilians-Universität zu München

Bibliographic Details
Main Author: Raim, Edith, 1965- (Author)
Format: Book
Language:German
PhysicalDescription:317 strán, xvi, 5 nečíslovaných strán mapových príloh ilustrácie, mapy 24 cm
Published: München Landsberg a. Lech Ludwig-Maximilians-Universität zu München Landsberger Verlagsanstalt Martin Neumeyer 1992
ISBN:3920216563
Subjects:

MARC

LEADER 00000nam a2200000 4500
001 vtls011745960
003 SK-MaSNL
005 20260301182922.0
008 180313s1992 gw ab f m 000 0 ger
020 |a 3920216563  |q (brožované) 
040 |a SNK  |b slo  |c SNK  |e rda 
041 0 |a ger 
044 |a gw  |c DE 
072 7 |2 konspekt 
080 |2 2011 
100 1 |a Raim, Edith,  |d 1965-  |4 aut  |9 557449 
245 1 4 |a Die Dachauer KZ-Außenkommandos Kaufering und Mühldorf  |b Rüstungsbauten und Zwangsarbeit im letzten Kriegsjahr 1944/45 : Inaugural-Dissertation zur Erlangung de Doktorgrades der Philosophie an der Ludwig-Maximilians-Universität zu München  |c vorgelegt von Edith Raim 
264 1 |a München  |b Ludwig-Maximilians-Universität zu München  |a Landsberg a. Lech  |b Landsberger Verlagsanstalt Martin Neumeyer  |c 1992 
300 |a 317 strán, xvi, 5 nečíslovaných strán mapových príloh  |b ilustrácie, mapy  |c 24 cm 
336 |a text  |b txt  |2 rdacontent 
337 |a bez média  |b n  |2 rdamedia 
338 |a zväzok  |b nc  |2 rdacarrier 
500 |a Posledný list mapovej prílohy zložený na 2 strany 
504 |a Bibliografia na strane 304-396 ; poznámky 
650 0 7 |a kvalifikačné práce  |2 SNKPH  |9 99165 
655 7 |a dizertácie  |2 SNKPH  |9 70277 
655 7 |a Dissertations  |2 SNKPHeng  |9 303036 
655 7 |a vysokoškolské kvalifikačné práce  |2 sNKPH  |9 70405 
655 7 |a Academic theses  |2 SNKPHeng  |9 275642 
919 |a 3-920-216-56-3 
999 |c 855248  |d 857178 
952 |a SNK  |b SNK  |y VYP  |7 0  |p 17A1322466  |o snkIC 143977  |i snk2018/8287  |8 2  |g 49.00  |0 0  |1 0  |4 0  |d 2018-03-13  |l 0  |r 2026-02-24 04:54:31  |w 2026-02-24